Phraseologismen als Belege der Zeit und Kultur. Analyse der ausgewählten Aspekte bakalárska práca

Na minha lista:
Detalhes bibliográficos
Autor principal: Šablaturová, Mária
Autor Corporativo: Fakulta aplikovaných jazykov EU v Bratislave. Katedra jazykovedy a translatológie
Outros Autores: Gašová, Zuzana, 1977-
Formato: Livro
Idioma:alemão
Publicado em: Bratislava 2025
Tags: Adicionar Tag
Sem tags, seja o primeiro a adicionar uma tag!

MARC

LEADER 00000nbm a2200000 4500
001 0308955
005 20260211103949.7
041 0 |a ger 
044 |a SK 
245 1 0 |a Phraseologismen als Belege der Zeit und Kultur. Analyse der ausgewählten Aspekte  |b bakalárska práca  |c Mária Šablaturová ; školiteľ: Zuzana Gašová 
264 1 |a Bratislava  |c 2025 
300 |a 46 s. 
100 1 |a Šablaturová, Mária 
700 1 |a Gašová, Zuzana, 1977- 
710 2 |a Fakulta aplikovaných jazykov EU v Bratislave. Katedra jazykovedy a translatológie